[Event "Wilhelm Werner Memorial-H 31st"]
[Site "Bockenem"]
[Date "2006.05.25"]
[Round "3"]
[White "Kullmann, Gerhard"]
[Black "Holloway, Timo"]
[Result "1/2-1/2"]
[WhiteElo "1873"]
[BlackElo "1932"]
[PlyCount "54"]
[EventDate "2006.05.??"]
[EventType "swiss"]
[EventRounds "7"]
[EventCountry "GER"]
[SourceTitle "EXT 2008"]
[Source "ChessBase"]
[SourceDate "2007.11.25"]
[SourceVersion "1"]
[SourceVersionDate "2007.11.25"]
[SourceQuality "1"]

1. c4 c5 2. b3 Nc6 3. e3 b6 4. Bb2 Bb7 5. Nf3 e6 6. a3 Nf6 7. Qc2 Rc8 8. d3 d5 9. cxd5 exd5 10. Nbd2 Bd6 11. Be2 0-0 12. h3 b5 13. Rc1 Re8 14. Qb1 d4 15. e4 g6 16. Nh2 Qe7 17. 0-0 Bf4 18. Rc2 Na5 19. Bc1 c4 20. bxc4 bxc4 21. Nhf3 cxd3 22. Rxc8 Rxc8 23. Bxd3 Nxe4 24. Nxe4 Bxc1 25. Rxc1 Rxc1+ 26. Qxc1 Bxe4 27. Qe1 f5 1/2-1/2